000 00327nam a2200133 4500
008 191125s2018||||xo d
245 1 0 _aOskár Cepan a výtvarné umenie
250 _a1.vydanie
260 _bSlovart
_aBratislava
_c2018
300 _a667s.
020 _a9788055630830
_c23,66
041 1 _aslo
044 _axo
_cSK
999 _c22813
_d22813